00857nam a2200265 a 450000100060000000300080000600500170001400800410003102000150007202000220008703500190010904000290012804100080015708200280016524501220019326000410031530000350035650400510039165000180044265000230046065000210048370000200050470000210052483000460054565904BD-RjUL20211209081500.0170313s1993 enka b 001 0 eng d a0803989024 a0803989032 (pbk.) a(BD-RjUL)66034 aTU-McTU-MdBD-RjULbeng aeng00a610.69082223bGEN 199300aGender, work, and medicine :bwomen and the medical division of labour /cedited by Elianne Riska and Katarina Weger. aLondon :bSage Publications,cc1993. aviii, 196 p. :bill. ;c23 cm. aIncludes bibliographical references and index. 0aMedical care. 0aWomen in medicine. 0aSocial medicine.1 aRiska, Elianne.1 aWegar, Katarina. aSage studies in international sociology ;